| 000 | 00393nam a2200145 4500 | ||
|---|---|---|---|
| 999 |
_c2986 _d2986 |
||
| 008 | 200318b ||||| |||| 00| 0 eng d | ||
| 082 | 0 | 0 |
_a621.38836 _bA2111 |
| 100 |
_92581 _aAdams, Thomas M. |
||
| 245 | 1 | 0 |
_aT.V. video and sound circuits / _cby Thomas M. Adams |
| 250 | _a1st ed. | ||
| 260 |
_aSlough _bFoulsham _c1967 |
||
| 300 | _a158 p. | ||
| 650 | 0 | _aTelevision circuits | |
| 942 |
_2ddc _cBK |
||